<?xml version="1.0" encoding="UTF-8"?>
<record
    xmlns:xsi="http://www.w3.org/2001/XMLSchema-instance"
    xsi:schemaLocation="http://www.loc.gov/MARC21/slim http://www.loc.gov/standards/marcxml/schema/MARC21slim.xsd"
    xmlns="http://www.loc.gov/MARC21/slim">

  <leader>01218nam a2200313 a 4500</leader>
  <controlfield tag="001">BRL_1235</controlfield>
  <controlfield tag="005">20190320211112.0</controlfield>
  <controlfield tag="008">031213s1991----mx-ae#####---#000-0#spa-#</controlfield>
  <datafield tag="020" ind1=" " ind2=" ">
    <subfield code="a">9688590614</subfield>
  </datafield>
  <datafield tag="041" ind1=" " ind2=" ">
    <subfield code="a">spa</subfield>
  </datafield>
  <datafield tag="044" ind1=" " ind2=" ">
    <subfield code="a">mx</subfield>
  </datafield>
  <datafield tag="050" ind1=" " ind2="4">
    <subfield code="a">NA5257.P8</subfield>
    <subfield code="b">.R83 1991</subfield>
  </datafield>
  <datafield tag="100" ind1="1" ind2=" ">
    <subfield code="a">Rubial Garc&#xED;a, Antonio</subfield>
    <subfield code="9">363</subfield>
  </datafield>
  <datafield tag="245" ind1="1" ind2="0">
    <subfield code="a">Santa Mar&#xED;a Tonantzintla</subfield>
    <subfield code="b">un pueblo, un templo</subfield>
    <subfield code="c">Antonio Rubial Garc&#xED;a ; fotograf&#xED;a Salvador Lutteroth, Juan Jos&#xE9; Medina y Jes&#xFA;s S&#xE1;nchez Uribe.</subfield>
  </datafield>
  <datafield tag="260" ind1=" " ind2=" ">
    <subfield code="a">M&#xE9;xico</subfield>
    <subfield code="b">Universidad Iberoamericana</subfield>
    <subfield code="c">1991</subfield>
  </datafield>
  <datafield tag="300" ind1=" " ind2=" ">
    <subfield code="a">115 p.</subfield>
    <subfield code="b">il.</subfield>
    <subfield code="c">31 cm.</subfield>
  </datafield>
  <datafield tag="500" ind1=" " ind2=" ">
    <subfield code="a">Au1406</subfield>
  </datafield>
  <datafield tag="504" ind1=" " ind2=" ">
    <subfield code="a">Bibliograf&#xED;a : p. [122-123]</subfield>
  </datafield>
  <datafield tag="610" ind1="2" ind2="4">
    <subfield code="a">Capilla de Santa Mar&#xED;a Tonantzintla (Santa Mar&#xED;a Tonantzintla, Puebla)</subfield>
    <subfield code="9">26216</subfield>
  </datafield>
  <datafield tag="650" ind1="1" ind2="4">
    <subfield code="a">Arte y simbol&#xED;smo cristiano</subfield>
    <subfield code="z">Santa Mar&#xED;a Tonantzintla (Puebla)</subfield>
    <subfield code="9">365</subfield>
  </datafield>
  <datafield tag="650" ind1="1" ind2="4">
    <subfield code="a">Arte popular</subfield>
    <subfield code="z">Santa Mar&#xED;a Tonantzintla (Puebla)</subfield>
    <subfield code="9">366</subfield>
  </datafield>
  <datafield tag="651" ind1=" " ind2="4">
    <subfield code="a">Santa Mar&#xED;a Tonantzintla (Puebla)</subfield>
    <subfield code="x">Construcciones, estructuras, etc.</subfield>
    <subfield code="9">367</subfield>
  </datafield>
  <datafield tag="700" ind1="1" ind2=" ">
    <subfield code="a">Lutteroth, Salvador</subfield>
    <subfield code="e">il.</subfield>
    <subfield code="9">26217</subfield>
  </datafield>
  <datafield tag="700" ind1="1" ind2=" ">
    <subfield code="a">Medina, Juan Jos&#xE9;</subfield>
    <subfield code="e">il.</subfield>
    <subfield code="9">26218</subfield>
  </datafield>
  <datafield tag="700" ind1="1" ind2=" ">
    <subfield code="a">S&#xE1;nchez Uribe, Jes&#xFA;s</subfield>
    <subfield code="e">il.</subfield>
    <subfield code="9">26219</subfield>
  </datafield>
  <datafield tag="710" ind1="2" ind2=" ">
    <subfield code="a">Comisi&#xF3;n Puebla V Centenario</subfield>
    <subfield code="9">26220</subfield>
  </datafield>
  <datafield tag="902" ind1=" " ind2=" ">
    <subfield code="a">GRL</subfield>
  </datafield>
  <datafield tag="942" ind1=" " ind2=" ">
    <subfield code="2">lcc</subfield>
    <subfield code="c">B</subfield>
  </datafield>
  <datafield tag="999" ind1=" " ind2=" ">
    <subfield code="c">10047</subfield>
    <subfield code="d">10047</subfield>
  </datafield>
  <datafield tag="952" ind1=" " ind2=" ">
    <subfield code="0">0</subfield>
    <subfield code="1">0</subfield>
    <subfield code="4">0</subfield>
    <subfield code="7">0</subfield>
    <subfield code="a">BRL</subfield>
    <subfield code="b">BRL</subfield>
    <subfield code="d">2013-12-03</subfield>
    <subfield code="i">Au1406</subfield>
    <subfield code="l">0</subfield>
    <subfield code="o">NA5257.P8 .R83 1991 (Au1406)</subfield>
    <subfield code="p">GRL01353</subfield>
    <subfield code="r">2019-03-22 00:00:00</subfield>
    <subfield code="w">2019-03-22</subfield>
    <subfield code="y">B</subfield>
  </datafield>
</record>
